<?xml version="1.0" encoding="UTF-8"?>
<record
    xmlns:xsi="http://www.w3.org/2001/XMLSchema-instance"
    xsi:schemaLocation="http://www.loc.gov/MARC21/slim http://www.loc.gov/standards/marcxml/schema/MARC21slim.xsd"
    xmlns="http://www.loc.gov/MARC21/slim">

  <leader>00915nam a22002537a 4500</leader>
  <controlfield tag="001">2725</controlfield>
  <controlfield tag="003">HMS</controlfield>
  <controlfield tag="005">20250902160352.0</controlfield>
  <controlfield tag="008">250902e1977    spa |||front| 001 0 spa  </controlfield>
  <datafield tag="020" ind1=" " ind2=" ">
    <subfield code="a">8431100699</subfield>
  </datafield>
  <datafield tag="040" ind1=" " ind2=" ">
    <subfield code="a">hms</subfield>
    <subfield code="b">spa</subfield>
    <subfield code="c">hms</subfield>
  </datafield>
  <datafield tag="041" ind1=" " ind2=" ">
    <subfield code="a">spa</subfield>
    <subfield code="h">fre</subfield>
  </datafield>
  <datafield tag="050" ind1="0" ind2="4">
    <subfield code="a">WS350</subfield>
    <subfield code="b">A312</subfield>
  </datafield>
  <datafield tag="100" ind1="1" ind2=" ">
    <subfield code="a">Ajuriaguerra, Juli&#xE1;n de, </subfield>
    <subfield code="d">1911-</subfield>
    <subfield code="e">autor</subfield>
    <subfield code="9">4133</subfield>
  </datafield>
  <datafield tag="245" ind1="1" ind2="0">
    <subfield code="a">Manual de psiquiatr&#xED;a infantil / </subfield>
    <subfield code="c">J. de Ajuriaguerra; Traducido por Alfredo Rego.</subfield>
    <subfield code="h">[libro]</subfield>
  </datafield>
  <datafield tag="246" ind1="3" ind2="0">
    <subfield code="a">Manuel de Psyuchiatre de L&#xB4;Enfant </subfield>
  </datafield>
  <datafield tag="250" ind1=" " ind2=" ">
    <subfield code="a">Cuarta edici&#xF3;n : Septiembre 1977</subfield>
  </datafield>
  <datafield tag="260" ind1=" " ind2=" ">
    <subfield code="a">Barcelona, Espa&#xF1;a :</subfield>
    <subfield code="b">Toray Masson,</subfield>
    <subfield code="c">1977</subfield>
  </datafield>
  <datafield tag="300" ind1=" " ind2=" ">
    <subfield code="a">xxiv, 983 p&#xE1;ginas :</subfield>
    <subfield code="c">25 cm.</subfield>
  </datafield>
  <datafield tag="500" ind1=" " ind2=" ">
    <subfield code="a">Incluye &#xED;ndice</subfield>
  </datafield>
  <datafield tag="505" ind1=" " ind2=" ">
    <subfield code="a">Primera parte. Problemas generales. -- Segunda parte. Las funciones y sus perturbaciones. -- Tercera parte. Los grandes s&#xED;ndromes.  </subfield>
  </datafield>
  <datafield tag="650" ind1=" " ind2="7">
    <subfield code="a">Psiquiatr&#xED;a infantil</subfield>
    <subfield code="9">4134</subfield>
  </datafield>
  <datafield tag="942" ind1=" " ind2=" ">
    <subfield code="2">lcc</subfield>
    <subfield code="c">COL. RES.</subfield>
    <subfield code="n">0</subfield>
  </datafield>
  <datafield tag="999" ind1=" " ind2=" ">
    <subfield code="c">2725</subfield>
    <subfield code="d">2725</subfield>
  </datafield>
  <datafield tag="952" ind1=" " ind2=" ">
    <subfield code="0">0</subfield>
    <subfield code="1">0</subfield>
    <subfield code="2">lcc</subfield>
    <subfield code="4">0</subfield>
    <subfield code="7">0</subfield>
    <subfield code="8">Col. Res.</subfield>
    <subfield code="a">BHMS</subfield>
    <subfield code="b">BHMS</subfield>
    <subfield code="c">Full Space</subfield>
    <subfield code="d">2025-09-02</subfield>
    <subfield code="e">Donaci&#xF3;n</subfield>
    <subfield code="i">000792</subfield>
    <subfield code="l">0</subfield>
    <subfield code="o">WS350 A312 4&#xAA;ed 1977</subfield>
    <subfield code="p">000792</subfield>
    <subfield code="r">2025-09-02 12:31:00</subfield>
    <subfield code="t">c.1</subfield>
    <subfield code="w">2025-09-02</subfield>
    <subfield code="y">COL. RES.</subfield>
  </datafield>
</record>
